Internet programming with VB script and Java script (Record no. 172364)

MARC details
000 -LEADER
fixed length control field 00428nam a2200145Ia 4500
008 - FIXED-LENGTH DATA ELEMENTS--GENERAL INFORMATION
fixed length control field 231217s9999 xx 000 0 und d
041 ## - LANGUAGE CODE
Language code of text/sound track or separate title English
082 ## - DEWEY DECIMAL CLASSIFICATION NUMBER
Classification number 001.6424JAV KAL;1 R
100 ## - MAIN ENTRY--PERSONAL NAME
Personal name Kalata, Kathleen
245 #0 - TITLE STATEMENT
Title Internet programming with VB script and Java script
260 ## - PUBLICATION, DISTRIBUTION, ETC.
Date of publication, distribution, etc. 2001
Name of publisher, distributor, etc. Course Technology
Place of publication, distribution, etc. Australia
300 ## - PHYSICAL DESCRIPTION
Extent xxii+578
650 ## - SUBJECT ADDED ENTRY--TOPICAL TERM
Topical term or geographic name entry element Internet,programming,VB,script,Java,script
942 ## - ADDED ENTRY ELEMENTS (KOHA)
Koha item type Books
Holdings
Date last seen Total checkouts Full call number Accession number Cost, total (INR) price Price effective from Category Lost status Damaged status Department Withdrawn status Home library Current library Shelving location Entry date Vendor Cost, normal purchase price Grants Billnumber Billdate Currency symbol Conversion rate Discount Old discount
26/01/2024   001.6424JAV KAL;1 R 28304 208.80 26/01/2024 Books     Central Library   Central Library Central Library Central Library 22/05/2004 I K International 6.00 IS 200 27/03/2006 USD 46.4 1.5 25
26/01/2024   001.64404 KAL 28384   26/01/2024 Books     Information Science   Central Library Central Library Information Science 25/05/2004 Publisher   IS   01/04/2006 RS 1    
26/01/2024   001.64404 KAL 28385   26/01/2024 Books     Information Science   Central Library Central Library Information Science 25/05/2004 Publisher   IS   01/04/2006 RS 1    

© For any Suggestions or Query, please contact the library staff @ librarian@pes.edu or Phone: +9180 2672 1983/ 2108.